500 Brooches : (Record no. 621790)

MARC details
000 -LEADER
fixed length control field 00483nam a2200193 a 4500
008 - FIXED-LENGTH DATA ELEMENTS--GENERAL INFORMATION
fixed length control field 260502s2005##################000#0#eng##
020 ## - INTERNATIONAL STANDARD BOOK NUMBER
ISBN 9781579906122
082 04 - DEWEY DECIMAL CLASSIFICATION NUMBER
Classification number 391.7
Item number SIM
100 1# - MAIN ENTRY--AUTHOR NAME
Personal name Van, Marthe Le,
245 10 - TITLE STATEMENT
Title 500 Brooches :
260 ## - PUBLICATION, DISTRIBUTION, ETC. (IMPRINT)
Name of publisher Lark Books,
Year of publication 2005.
300 ## - PHYSICAL DESCRIPTION
Number of Pages 368 pages
650 #0 - SUBJECT ADDED ENTRY--TOPICAL TERM
Topical Term Crafts & Hobbies.
942 ## - ADDED ENTRY ELEMENTS (KOHA)
Koha item type English Books
Holdings
Withdrawn status Lost status Damaged status Not for loan Home library Current library Shelving location Date acquired Full call number Accession Number Price effective from Koha item type
        Anna Centenary Library Anna Centenary Library 4TH FLOOR, B WING 02.05.2026 391.7 SIM 382566 02.05.2026 English Books

Find us on the map